| 000 | 01135nam a22002177a 4500 | ||
|---|---|---|---|
| 008 | 231222s2010 xxk|||||o|||| 00| 0 eng d | ||
| 041 | _aeng | ||
| 110 | _aRoyal Institution of Chartered Surveyors | ||
| 245 |
_aMonitoring and Investigation Rules _h[Electronic resource] |
||
| 250 | _aVersion 2 | ||
| 260 |
_aLondon, _bRoyal Institution of Chartered Surveyors, _c2010 |
||
| 300 | _a5p. | ||
| 490 | _aRICS Regulation | ||
| 500 | _aOriginally published 4 June 2007, version 2 effective 1 January 2010. Replaced by later versions. No longer in force. | ||
| 520 | _aThese Monitoring and Investigation Rules are made by the Standards and Regulation Board of the Royal Institution of Chartered Surveyors (RICS) under Article 18 of the Supplemental Charter 1973 of RICS and Bye-Laws made under Article 17 of that Charter. | ||
| 650 | _aPROFESSIONAL STANDARDS | ||
| 651 | _aInternational | ||
| 710 | _aRoyal Institution of Chartered Surveyors | ||
| 856 |
_uhttps://www.rics.org/profession-standards/knowledge-and-information-services/document-delivery-and-other-kis-fees _zemail [email protected] for a digital copy |
||
| 942 | _n0 | ||
| 999 |
_c121741 _d121741 |
||